000 00616nam a22002177a 4500
003 UA-OsUOA
001 122774
007 ta
008 20170522b un ||||| |||| 00| 0 ukr d
100 _aВойтович Л.
090 _a94(477)
_bВ65
942 _cSA
040 _aUA-OsUOA
_bukr
_cUA-OsUOA
_dUA-OsUOA
245 _aГалицько-Волинська держава: князівство чи королівство? Початок
300 _aС.21
955 _a0
041 _aukr
080 _a94(477)
773 0 _w122771
650 7 _a9 Географія. Біографії. Історія
_2UDC
999 _c409425
_d409425